| 000 -LEADER |
| fixed length control field |
01194nam a2200253Ia 4500 |
| 001 - CONTROL NUMBER |
| control field |
18178 |
| 003 - CONTROL NUMBER IDENTIFIER |
| control field |
GE_BSU |
| 008 - FIXED-LENGTH DATA ELEMENTS--GENERAL INFORMATION |
| fixed length control field |
181216s||||||||xx |||||||||||||| ||und|| |
| 020 ## - INTERNATIONAL STANDARD BOOK NUMBER |
| International Standard Book Number |
9789941462290 |
| 040 ## - CATALOGING SOURCE |
| Transcribing agency |
GE_BSU |
| 080 ## - UNIVERSAL DECIMAL CLASSIFICATION NUMBER |
| Universal Decimal Classification number |
94(479.223)(063)+069 |
| 245 ## - TITLE STATEMENT |
| Title |
II (მეორე) საერთაშორისო სამეცნიერო კონფერენცია "დაბრუნება |
| 245 ## - TITLE STATEMENT |
| Remainder of title |
სამეცნ. კონფ. ეძღვნება აჭარის დედასამშობლოსთან დაბრუნების 136 წლისთავს |
| 245 ## - TITLE STATEMENT |
| Statement of responsibility, etc. |
რედ. მ. გოგიტიძე |
| 250 ## - EDITION STATEMENT |
| Edition statement |
ა(ა)იპ ქობულეთის მუზეუმი |
| 260 ## - PUBLICATION, DISTRIBUTION, ETC. |
| Place of publication, distribution, etc. |
ბათუმი |
| 260 ## - PUBLICATION, DISTRIBUTION, ETC. |
| Name of publisher, distributor, etc. |
შოთა რუსთაველის სახ. უნ-ტი |
| 260 ## - PUBLICATION, DISTRIBUTION, ETC. |
| Date of publication, distribution, etc. |
2016 |
| 300 ## - PHYSICAL DESCRIPTION |
| Extent |
46გვ.20სმ. |
| 520 ## - SUMMARY, ETC. |
| Summary, etc. |
პარალ სათ. ინგლ.ენ. |
| 653 ## - INDEX TERM--UNCONTROLLED |
| Uncontrolled term |
მეორე საერთაშორისო სამეცნიერო კონფერენცია "დაბრუნება |
| 942 ## - ADDED ENTRY ELEMENTS (KOHA) |
| Koha item type |
წიგნი |